| 000 | 00518nam a22001457a 4500 | ||
|---|---|---|---|
| 003 | MACL | ||
| 005 | 20190602161441.0 | ||
| 008 | 190602b xxu||||| |||| 00| 0 eng d | ||
| 040 | _cMACL | ||
| 100 |
_aचतुर्वेदी,नन्द _975195 |
||
| 245 | _aसाहित्य की व्यापक चिन्ताएं | ||
| 260 |
_aनई दिल्ली _bराजकमल प्रकाशन _c2017 |
||
| 650 |
_aसाक्षात्कार _931561 |
||
| 942 |
_2ddc _cHIN |
||
| 999 |
_c60013 _d60013 |
||